<?xml version="1.0" encoding="UTF-8"?>
<record
    xmlns:xsi="http://www.w3.org/2001/XMLSchema-instance"
    xsi:schemaLocation="http://www.loc.gov/MARC21/slim http://www.loc.gov/standards/marcxml/schema/MARC21slim.xsd"
    xmlns="http://www.loc.gov/MARC21/slim">

  <leader>01488nam a2200337 a 4500</leader>
  <controlfield tag="001">000040585</controlfield>
  <controlfield tag="003">OSt</controlfield>
  <controlfield tag="005">20260321073643.0</controlfield>
  <controlfield tag="008">130902s2004    sp            000 j spa d</controlfield>
  <datafield tag="020" ind1=" " ind2=" ">
    <subfield code="a">8478842128</subfield>
  </datafield>
  <datafield tag="040" ind1=" " ind2=" ">
    <subfield code="a">DO-SdBNP</subfield>
    <subfield code="b">spa</subfield>
    <subfield code="c">BNPHU</subfield>
  </datafield>
  <datafield tag="082" ind1=" " ind2="4">
    <subfield code="a">RD863.4408</subfield>
    <subfield code="b">C965d</subfield>
    <subfield code="2">22</subfield>
  </datafield>
  <datafield tag="245" ind1="0" ind2="0">
    <subfield code="a">Cuentos dominicanos /</subfield>
    <subfield code="c">Juan Bosch ... [et al.]</subfield>
  </datafield>
  <datafield tag="260" ind1=" " ind2=" ">
    <subfield code="a">Madrid :</subfield>
    <subfield code="b">Editorial Popular,</subfield>
    <subfield code="c">[2004].</subfield>
  </datafield>
  <datafield tag="300" ind1=" " ind2=" ">
    <subfield code="a">108 p. ;</subfield>
    <subfield code="c">20 cm.</subfield>
  </datafield>
  <datafield tag="490" ind1="1" ind2=" ">
    <subfield code="a">Letra grande</subfield>
    <subfield code="v">55</subfield>
  </datafield>
  <datafield tag="505" ind1="0" ind2=" ">
    <subfield code="a">La mujer/</subfield>
    <subfield code="r">Juan Bosch --</subfield>
    <subfield code="t">El cumplea&#xF1;os de Vitalina /</subfield>
    <subfield code="r">Hilma Contreras --</subfield>
    <subfield code="t">Selva de agujeros negros para Chich&#xED; la salsa /</subfield>
    <subfield code="r">Armando Alm&#xE1;nzar Rodr&#xED;guez --</subfield>
    <subfield code="t">Ahora que vuelvo, Ton /</subfield>
    <subfield code="r">Ren&#xE9; del Risco Berm&#xFA;dez --</subfield>
    <subfield code="t">Intuici&#xF3;n femenina /</subfield>
    <subfield code="r">Pedro Verg&#xE9;s /</subfield>
    <subfield code="t">Los hitos /</subfield>
    <subfield code="r">Pedro Peix --</subfield>
    <subfield code="t">Masticar una rosa /</subfield>
    <subfield code="r">Angela Hern&#xE1;ndez</subfield>
  </datafield>
  <datafield tag="590" ind1=" " ind2=" ">
    <subfield code="a">Inventariado, 2019/VM</subfield>
  </datafield>
  <datafield tag="650" ind1="1" ind2="4">
    <subfield code="a">Cuentos dominicanos</subfield>
    <subfield code="x">Colecciones</subfield>
    <subfield code="9">503</subfield>
  </datafield>
  <datafield tag="650" ind1="1" ind2="0">
    <subfield code="a">Literatura dominicana.</subfield>
    <subfield code="9">67</subfield>
  </datafield>
  <datafield tag="700" ind1="1" ind2=" ">
    <subfield code="a"> Bosch, Juan, </subfield>
    <subfield code="d">1909-2001</subfield>
    <subfield code="9">76555</subfield>
  </datafield>
  <datafield tag="700" ind1="1" ind2=" ">
    <subfield code="a">Contreras, Hilma,</subfield>
    <subfield code="d">1913-2006</subfield>
    <subfield code="9">14873</subfield>
  </datafield>
  <datafield tag="700" ind1="1" ind2=" ">
    <subfield code="a">Alm&#xE1;nzar Rodr&#xED;guez, Armando</subfield>
    <subfield code="t">Selva de agujeros negros para Chich&#xED; la salsa</subfield>
    <subfield code="9">27162</subfield>
  </datafield>
  <datafield tag="700" ind1="1" ind2=" ">
    <subfield code="a">Risco Berm&#xFA;dez, Ren&#xE9; del</subfield>
    <subfield code="t">Ahora que vuelvo, Ton</subfield>
    <subfield code="9">27163</subfield>
  </datafield>
  <datafield tag="700" ind1="1" ind2=" ">
    <subfield code="a">Peix, Pedro</subfield>
    <subfield code="t">Los hitos</subfield>
    <subfield code="9">27164</subfield>
  </datafield>
  <datafield tag="700" ind1="1" ind2=" ">
    <subfield code="a">Verg&#xE9;s, Pedro</subfield>
    <subfield code="t">Intuici&#xF3;n femenina</subfield>
    <subfield code="9">27165</subfield>
  </datafield>
  <datafield tag="700" ind1="1" ind2=" ">
    <subfield code="a">Hern&#xE1;ndez, Angela</subfield>
    <subfield code="t">Masticar una rosa</subfield>
    <subfield code="9">27166</subfield>
  </datafield>
  <datafield tag="830" ind1=" " ind2="0">
    <subfield code="a">Letras Grande</subfield>
    <subfield code="v">55</subfield>
    <subfield code="9">66917</subfield>
  </datafield>
  <datafield tag="910" ind1=" " ind2=" ">
    <subfield code="a">Validado.Control de calidad MFF</subfield>
  </datafield>
  <datafield tag="942" ind1=" " ind2=" ">
    <subfield code="2">ddc</subfield>
    <subfield code="c">LBS1</subfield>
  </datafield>
  <datafield tag="952" ind1=" " ind2=" ">
    <subfield code="0">0</subfield>
    <subfield code="1">0</subfield>
    <subfield code="2">ddc</subfield>
    <subfield code="5">1</subfield>
    <subfield code="7">1</subfield>
    <subfield code="8">MO</subfield>
    <subfield code="a">BNPHU</subfield>
    <subfield code="b">PD</subfield>
    <subfield code="c">HD</subfield>
    <subfield code="d">2013-09-02</subfield>
    <subfield code="i"> </subfield>
    <subfield code="l">0</subfield>
    <subfield code="o">BNPHU PD RD863.4408 C965d 2004</subfield>
    <subfield code="p">40585-10</subfield>
    <subfield code="r">2020-06-25</subfield>
    <subfield code="w">2020-06-25</subfield>
    <subfield code="y">LBS1</subfield>
  </datafield>
  <datafield tag="999" ind1=" " ind2=" ">
    <subfield code="c">40075</subfield>
    <subfield code="d">40075</subfield>
  </datafield>
</record>
